|
|
|
|
| LEADER |
00000nam a2200000 a 4500 |
| 001 |
vtls008186983 |
| 003 |
SK-MaSNL |
| 005 |
20260302074052.0 |
| 008 |
240318s2005 xo l d p 000 0 slo |
| 015 |
|
|
|a SNBA2005/10-03942
|
| 020 |
|
|
|a 8022722286
|q (brož.)
|c 50,00 Sk
|
| 035 |
|
|
|a A22D981E-4F7D-417D-8489-1159D15B4CCE
|
| 035 |
|
|
|a urn:nbn:sk:snk-amksnq
|
| 035 |
|
|
|a urn:nbn:sk:snk-am004cf3
|
| 040 |
|
|
|a SNK
|b slo
|c SNK
|e AACR2
|
| 041 |
0 |
|
|a eng
|
| 044 |
|
|
|a xo
|
| 072 |
|
7 |
|a 658
|x Riadenie a správa podniku
|2 konspekt
|
| 080 |
|
|
|a (075.8)
|2 1997
|
| 080 |
|
|
|a 658.14/.17
|2 1997
|
| 100 |
1 |
|
|a Somorová, Viera,
|d 1948-
|4 aut
|9 9804
|
| 245 |
1 |
0 |
|a Financial management
|b workbook
|c Viera Somorová
|
| 250 |
|
|
|a 1. ed.
|
| 260 |
|
|
|a V Bratislave
|b Slovenská technická univerzita
|c 2005
|
| 300 |
|
|
|a 61 s.
|b tab.
|c 29 cm
|
| 490 |
1 |
|
|a Edícia skrípt
|
| 500 |
|
|
|a Tir. slov.
|
| 504 |
|
|
|a Bibliogr. s. 59
|
| 506 |
|
|
|a 100 výtl.
|
| 650 |
0 |
7 |
|a finančný manažment
|2 SNKPH
|9 928
|
| 655 |
|
7 |
|a učebnice vysokých škôl
|2 SNKPH
|9 70191
|
| 752 |
|
|
|a Slovensko
|d Bratislava
|
| 810 |
2 |
|
|a Slovenská technická univerzita v Bratislave.
|b Stavebná fakulta
|t Edícia skrípt
|9 189967
|
| 919 |
|
|
|a 80-227-2228-6
|
| 958 |
|
|
|a OND
|
| 968 |
|
|
|d 65
|
| 999 |
|
|
|c 1163555
|d 1165485
|
| 952 |
|
|
|a SNK
|b SNK
|y PREZ
|7 0
|p 17A0480097
|o snkSB 70812
|i snk2005/13340
|8 0
|0 0
|1 0
|4 0
|d 2005-07-28
|l 0
|r 2025-04-23 00:00:00
|w 2026-02-24
|
| 952 |
|
|
|a SNK
|b SNK
|y VYP
|7 0
|p 17A0480103
|o snkSB 70812 D1
|i snk2005/13341
|8 0
|0 0
|1 0
|4 0
|d 2005-07-28
|f 1
|l 0
|r 2016-06-30 00:00:00
|w 2026-02-24
|